<?xml version="1.0" encoding="UTF-8"?>
<record
    xmlns:xsi="http://www.w3.org/2001/XMLSchema-instance"
    xsi:schemaLocation="http://www.loc.gov/MARC21/slim http://www.loc.gov/standards/marcxml/schema/MARC21slim.xsd"
    xmlns="http://www.loc.gov/MARC21/slim">

  <leader>01455nam0a2200301   4500</leader>
  <controlfield tag="001">RU\NLR\BIBL_A\011892284</controlfield>
  <controlfield tag="005">20260405141205.0</controlfield>
  <datafield tag="010" ind1=" " ind2=" ">
    <subfield code="a">978-5-74-51-0056-7</subfield>
    <subfield code="9">500</subfield>
  </datafield>
  <datafield tag="035" ind1=" " ind2=" ">
    <subfield code="a">(NLR Aleph) 011892284</subfield>
  </datafield>
  <datafield tag="090" ind1=" " ind2=" ">
    <subfield code="a">10837289</subfield>
    <subfield code="c">10837289</subfield>
  </datafield>
  <datafield tag="100" ind1=" " ind2=" ">
    <subfield code="a">20181214d2008    |||y0rusy50      ca</subfield>
  </datafield>
  <datafield tag="101" ind1="0" ind2=" ">
    <subfield code="a">rus</subfield>
  </datafield>
  <datafield tag="102" ind1=" " ind2=" ">
    <subfield code="a">RU</subfield>
  </datafield>
  <datafield tag="105" ind1=" " ind2=" ">
    <subfield code="a">a|||z|||000ay</subfield>
  </datafield>
  <datafield tag="200" ind1="1" ind2=" ">
    <subfield code="a">&#x41B;&#x438;&#x442;&#x435;&#x440;&#x430;&#x442;&#x43E;&#x440;&#x43D;&#x43E;&#x435; &#x43A;&#x430;&#x444;&#x435;</subfield>
    <subfield code="e">[&#x43A;&#x43E;&#x43B;&#x43B;&#x435;&#x43A;&#x442;&#x438;&#x432;&#x43D;&#x44B;&#x439; &#x441;&#x431;&#x43E;&#x440;&#x43D;&#x438;&#x43A; &#x441;&#x442;&#x438;&#x445;&#x43E;&#x442;&#x432;&#x43E;&#x440;&#x435;&#x43D;&#x438;&#x439;</subfield>
    <subfield code="f">&#x445;&#x443;&#x434;&#x43E;&#x436;&#x43D;&#x438;&#x43A;: &#x413;.&#x41C;. &#x412;&#x443;&#x43B;&#x44C;&#x444;&#x441;&#x43E;&#x43D;]</subfield>
  </datafield>
  <datafield tag="210" ind1=" " ind2=" ">
    <subfield code="a">&#x421;&#x430;&#x43D;&#x43A;&#x442;-&#x41F;&#x435;&#x442;&#x435;&#x440;&#x431;&#x443;&#x440;&#x433;</subfield>
    <subfield code="c">&#x410;&#x443;&#x440;&#x430;&#x418;&#x43D;&#x444;&#x43E;</subfield>
    <subfield code="d">2008</subfield>
  </datafield>
  <datafield tag="215" ind1=" " ind2=" ">
    <subfield code="a">111, [1] &#x441;.</subfield>
    <subfield code="c">&#x438;&#x43B;.</subfield>
    <subfield code="d">21</subfield>
  </datafield>
  <datafield tag="316" ind1=" " ind2=" ">
    <subfield code="a">&#x421; &#x430;&#x432;&#x442;&#x43E;&#x433;&#x440;. &#x410;&#x43D;&#x430;&#x442;&#x43E;&#x43B;&#x438;&#x44F; &#x423;&#x448;&#x430;&#x43A;&#x43E;&#x432;&#x430;</subfield>
    <subfield code="5">NLR</subfield>
  </datafield>
  <datafield tag="327" ind1="1" ind2=" ">
    <subfield code="a">&#x421;&#x43E;&#x434;&#x435;&#x440;&#x436;.: &#x430;&#x432;&#x442;.: &#x413;&#x435;&#x440;&#x448;&#x43E;&#x43C; &#x412;&#x443;&#x43B;&#x44C;&#x444;&#x441;&#x43E;&#x43D;, &#x41C;&#x438;&#x445;&#x43E;&#x44D;&#x43B;&#x44C; &#x41A;&#x430;&#x43D;&#x442;&#x43E;&#x440;, &#x410;&#x43B;&#x435;&#x43A;&#x441;&#x430;&#x43D;&#x434;&#x440; &#x41C;&#x43E;&#x440;&#x434;&#x435;&#x445;&#x430;&#x439; &#x410;&#x432;&#x440;&#x443;&#x43C; &#x428;&#x442;&#x435;&#x439;&#x43D;, &#x410;&#x440;&#x44C;&#x435;-&#x41B;&#x44D;&#x439;&#x431; &#x41D;&#x430;&#x443;&#x43C;&#x43E;&#x432;&#x441;&#x43A;&#x438;&#x439;, &#x421;&#x430;&#x43C;&#x443;&#x438;&#x43B; &#x410;&#x43F;&#x43E;&#x442;, &#x42D;&#x43B;&#x435;&#x43E;&#x43D;&#x43E;&#x440;&#x430; &#x421;&#x430;&#x43F;&#x43E;&#x436;&#x43D;&#x438;&#x43A;&#x43E;&#x432;&#x430;, &#x41C;&#x438;&#x445;&#x430;&#x438;&#x43B; &#x412;&#x435;&#x440;&#x448;&#x43E;&#x432;&#x441;&#x43A;&#x438;&#x439;, &#x410;&#x440;&#x43A;&#x430;&#x434;&#x438;&#x439; &#x420;&#x430;&#x442;&#x43D;&#x435;&#x440;, &#x410;&#x43D;&#x430;&#x442;&#x43E;&#x43B;&#x438;&#x439; &#x423;&#x448;&#x430;&#x43A;&#x43E;&#x432;</subfield>
  </datafield>
  <datafield tag="686" ind1="2" ind2=" ">
    <subfield code="a">&#x428;6(2=&#x420;)8-5</subfield>
  </datafield>
  <datafield tag="702" ind1=" " ind2="1">
    <subfield code="a">&#x412;&#x443;&#x43B;&#x44C;&#x444;&#x441;&#x43E;&#x43D;</subfield>
    <subfield code="b">&#x413;.&#x41C;</subfield>
    <subfield code="4">040</subfield>
  </datafield>
  <datafield tag="702" ind1=" " ind2="1">
    <subfield code="4">390</subfield>
    <subfield code="8">rus</subfield>
    <subfield code="7">ca</subfield>
    <subfield code="a">&#x423;&#x448;&#x430;&#x43A;&#x43E;&#x432;</subfield>
    <subfield code="b">&#x410;.</subfield>
    <subfield code="c">&#x43B;&#x438;&#x442;&#x435;&#x440;&#x430;&#x442;&#x43E;&#x440;</subfield>
    <subfield code="g">&#x410;&#x43D;&#x430;&#x442;&#x43E;&#x43B;&#x438;&#x439;</subfield>
    <subfield code="3">RU\NLR\AUTH\7757302</subfield>
    <subfield code="9">40234</subfield>
  </datafield>
  <datafield tag="942" ind1=" " ind2=" ">
    <subfield code="c">BOOK</subfield>
  </datafield>
  <datafield tag="980" ind1=" " ind2=" ">
    <subfield code="a">NB</subfield>
  </datafield>
  <datafield tag="995" ind1=" " ind2=" ">
    <subfield code="5">2018-12-14</subfield>
    <subfield code="a">ab</subfield>
    <subfield code="b">NLR01</subfield>
    <subfield code="c">NLR01</subfield>
    <subfield code="e">RF31</subfield>
    <subfield code="f">1-2473659</subfield>
    <subfield code="k">2018-3/33450</subfield>
    <subfield code="o">0</subfield>
    <subfield code="p">150.00</subfield>
    <subfield code="r">BOOK</subfield>
    <subfield code="s">2018333450_</subfield>
  </datafield>
  <datafield tag="995" ind1=" " ind2=" ">
    <subfield code="5">2018-12-14</subfield>
    <subfield code="a">ab</subfield>
    <subfield code="b">NLR01</subfield>
    <subfield code="c">NLR01</subfield>
    <subfield code="e">RF31</subfield>
    <subfield code="f">1-2473663</subfield>
    <subfield code="k">2018-3/33450</subfield>
    <subfield code="o">0</subfield>
    <subfield code="p">150.00</subfield>
    <subfield code="r">BOOK</subfield>
    <subfield code="s">2018333450_</subfield>
  </datafield>
</record>
